The kurdish tragedy

Saved in:
Bibliographic Details
Main Author: Chaliand, Gerard 1934-
Other Authors: Black, Philip (Translator)
Format: Book
Language:English
Published: London; New Jersey : Zed Books, c1994
Subjects:
Tags: Add Tag
No Tags, Be the first to tag this record!

MARC

LEADER 00000nam a2200000 i 4500
001 1/15794
008 980714s1994 eng d
020 |a 1-85649-100-5 
035 |l 10019966 
040 |a GR-MY-UA  |b gre  |e aacr 
041 0 |a eng 
082 0 |a 956.67 
100 1 |a Chaliand, Gerard  |d 1934- 
245 1 4 |a The kurdish tragedy /  |c Gerard Chaliand ; Translated by Philip Black 
260 |a London; New Jersey :   |b Zed Books,   |c c1994 
300 |a 120 p. 
650 0 0 |a Kurds. 
651 0 |a Middle East  |x Ethnic relations. 
700 1 |a Black, Philip.  |4 trl 
852 |a INST  |b LESVOS  |e 19980714  |h 956.67 CHA  |p 005100013771  |q 005100013771  |t BK  |y 0 
901 |a BIBL-1998-2 
909 |a Λ  |b 044997 
922 |a 1ΔΩΡ  |b 199604  |c ΤΚΑ